000
00282nam a2200109Ia 4500
008
200302s9999 xx 000 0 und d
100
_a
Albert O. Halse
245
_a
The Use of Color in Interiors 2nd ed.
260
_b
Mcgraw-Hill Book Company Inc.,
260
_c
1978
300
_a
152 P.,
999
_c
730
_d
730